ՀՀ Գիտությունների ազգային ակադեմիայի հիմնարար գիտական գրադարան  =   Fundamental Scientific Library of NAS RA

Fundamental concepts of biology / (Record no. 184050)

MARC details
000 -LEADER
fixed length control field 00698pam a2200241 4500
001 - CONTROL NUMBER
control field 000497830
003 - CONTROL NUMBER IDENTIFIER
control field AM-YeHGA
005 - DATE AND TIME OF LATEST TRANSACTION
control field 20250617134543.0
008 - FIXED-LENGTH DATA ELEMENTS--GENERAL INFORMATION
fixed length control field 730618s1974 nyua|||||b |001|0|engdd
020 ## - INTERNATIONAL STANDARD BOOK NUMBER
International Standard Book Number 0471631531
040 ## - CATALOGING SOURCE
Original cataloging agency AM-YeHGA
041 0# - LANGUAGE CODE
Language code of text/sound track or separate title eng
090 ## - LOCALLY ASSIGNED LC-TYPE CALL NUMBER (OCLC); LOCAL CALL NUMBER (RLIN)
-- 185505
100 1# - MAIN ENTRY--PERSONAL NAME
Personal name Nelson, Gideon E.
245 10 - TITLE STATEMENT
Title Fundamental concepts of biology /
Statement of responsibility, etc. Gideon E. Nelson, Gerald G. Robinson, Richard A. Boolootian.
250 ## - EDITION STATEMENT
Edition statement 3rd ed.
260 ## - PUBLICATION, DISTRIBUTION, ETC.
Place of publication, distribution, etc. New York :
Name of publisher, distributor, etc. John Wiley & Sons, Inc.,
Date of publication, distribution, etc. [1974].
300 ## - PHYSICAL DESCRIPTION
Extent x, 428 p. :
Other physical details ill. ;
Dimensions 26 cm.
504 ## - BIBLIOGRAPHY, ETC. NOTE
Bibliography, etc. note Includes bibliogr. references
650 #0 - SUBJECT ADDED ENTRY--TOPICAL TERM
Topical term or geographic name entry element Biology
700 1# - ADDED ENTRY--PERSONAL NAME
Personal name Robinson, Gerald G.
700 1# - ADDED ENTRY--PERSONAL NAME
Personal name Boolootian, Richard A.
Holdings
Withdrawn status Lost status Damaged status Not for loan Collection Home library Current library Date acquired Total checkouts Full call number Barcode Date last seen Price effective from Koha item type Public note
        Gulbenkian Individual Collection Fundamental Scientific Library Fundamental Scientific Library 28/12/2016   Gulb/3632 901003632 28/12/2016 28/12/2016 Գրքեր / Books ILL Non-Circ.


ՀՀ ԳԱԱ հիմնարար գիտական գրադարան
ՀՀ,Երևան 0019
Մարշալ Բաղրամյան 24/6
հեռախոս:(374-10) 52-47-50
Հետադարձ կապ

All site content, except where otherwise noted, is licensed under a
Creative Commons License